[Event "UZB-ch (Women)"]
[Site "Tashkent"]
[Date "2024.04.22"]
[Round "6"]
[White "Yakubbaeva, Nilufar"]
[Black "Tursunova, Aziza"]
[Result "1-0"]
[WhiteElo "2293"]
[BlackElo "1814"]
[PlyCount "119"]
[EventDate "2024.04.20"]
[EventType "tourn (rapid)"]
[EventRounds "17"]
[EventCountry "UZB"]
[SourceTitle "CB18_2024"]
[SourceDate "2024.05.01"]
[SourceVersion "1"]
[SourceVersionDate "2024.05.01"]
[SourceQuality "2"]

1. d4 c5 2. d5 e5 3. e4 d6 4. Bb5+ Nd7 5. a4 a6 6. Bd3 Be7 7. Nc3 Ngf6 8. a5 0-0 9. Nf3 b5 10. axb6 Nxb6 11. Nd2 Ne8 12. 0-0 g6 13. Nc4 Nxc4 14. Bxc4 Bf6 15. Qe2 Bg7 16. Be3 Nf6 17. f3 Nh5 18. Bxa6 Qb6 19. Bb5 Rxa1 20. Rxa1 f5 21. b4 Nf4 22. Qd2 fxe4 23. bxc5 dxc5 24. fxe4 Bh6 25. Kh1 g5 26. Bc4 Kh8 27. Na4 Qg6 28. Nxc5 Qh5 29. Ne6 g4 30. g3 Bxe6 31. dxe6 Qg6 32. gxf4 Qxe4+ 33. Kg1 Qxc4 34. f5 Bxe3+ 35. Qxe3 Rxf5 36. e7 Qb5 37. Qe4 g3 38. Ra8+ Kg7 39. Qg4+ Kh6 40. Qh4+ Kg7 41. e8N+ Kg6 42. Qg4+ Rg5 43. Qe6+ Kh5 44. Qf7+ Kh6 45. Qf6+ Kh5 46. Qf3+ Kg6 47. Qe4+ Kh6 48. Kg2 gxh2+ 49. Kxh2 Rh5+ 50. Kg2 Rg5+ 51. Kf2 Qb6+ 52. Ke2 Qb5+ 53. Kd2 Qf1 54. Ra5 Qf2+ 55. Kc3 Rg3+ 56. Kc4 Qf7+ 57. Rd5 Rg5 58. Nd6 Qd7 59. Qh4+ Kg6 60. Qxg5+ 1-0